Rhine cities - Statistics

General Stats
  • This quiz has been taken 368 times
  • The average score is 8 of 19
Answer Stats
Hint Answer % Correct
The Netherlands Rotterdam
88%
Germany cologne
87%
Germany Düsseldorf
82%
France Strasbourg
70%
Switzerland Basel
65%
Germany Bonn
62%
Germany Mainz
43%
The Netherlands Utrecht
42%
Germany Duisburg
40%
Germany Koblenz
39%
Germany Mannheim
35%
Germany Karlsruhe
28%
Germany Wiesbaden
27%
The Netherlands Arnhem
25%
Germany Leverkusen
23%
The Netherlands Nijmegen
22%
Germany Ludwigshafen
17%
Germany Krefeld
14%
Germany Neuss
13%
No matching quizzes found
Score Distribution
Percent of People with Each Score
Percentile by Number Answered
Your Score History
You have not taken this quiz